banner-ar

لوتس Lotus 123 123 / (Record no. 54205)

MARC details
000 -الفاتح
حقل البيانات ثابتة الطول 00608nam a2200193Ia 4500
008 - عناصر البيانات ثابتة الطول - معلومات عامة
حقل البيانات ثابتة الطول 140319s9999 xx 000 0 ara d
040 ## - مصدر الفهرسة
وكالة الفهرسة الأصلية GCL /
وكالة النسخ GCL
082 04 - رقم تصنيف ديوى العشرى
رقم التصنيف 001.6424
رقم المادة ا ل
100 1# - المدخل الرئيسى - إسم شخصى
الإسم الشخصى اسامة الحسينى
245 10 - بيان العنوان
العنوان لوتس Lotus 123 123 /
بيان المسئوليه,etc اسامة الحسينى
300 ## - الوصف المادى
التعداد 414 ص
490 ## - بيان السلسلة
عنوان السلسلة موسوعة البرمجيات الحديثة
رقم المجلد/ التعيين التسلسلي 0
650 04 - المدخل الاضافى بالموضوع-مصطلح موضوعى
مصطلح موضوعي الحاسبات الالكترونية
650 04 - المدخل الاضافى بالموضوع-مصطلح موضوعى
مصطلح موضوعي البرامج
650 04 - المدخل الاضافى بالموضوع-مصطلح موضوعى
مصطلح موضوعي البرامج الالية
942 ## - عناصر المدخل الإضافي( كوها)
مصدر التصنيف او مخطط الترفيف Dewey Decimal Classification
Koha [default] item type كتاب
260 ## - PUBLICATION, DISTRIBUTION, ETC. (IMPRINT)
-- [S.N] :
-- دار الراتب الجامعية
Holdings
حالة التراجع حالة الفقد حالة تلف ليس للاعارة المكان المؤقت الموقع الحالى تاريخ الاكتساب اجمالي اﻻعارات رقم الطلب الباركود تاريخ اخر مشاهدة تاريخ تفعيل السعر نوع وعاء كوها
        مكتبة القاهرة الكبرى مكتبة القاهرة الكبرى 03/26/2014   001.6424\ا ل 130414 03/26/2014 03/26/2014 كتاب
        مكتبة القاهرة الكبرى مكتبة القاهرة الكبرى 03/26/2014   001.6424\ا ل 130415 03/26/2014 03/26/2014 كتاب
        مكتبة القاهرة الكبرى مكتبة القاهرة الكبرى 03/26/2014   001.6424\ا ل 130416 03/26/2014 03/26/2014 كتاب

Powered By

EGPV